Blackpink : královny k-popu : neautorizovaná fankniha /
Fanouškovská publikace o dívčí skupině Blackpink, předních představitelkách popkulturního stylu K-pop.
Uloženo v:
| Hlavní autor: | |
|---|---|
| Další autoři: | |
| Médium: | E-kniha |
| Jazyk: | Czech |
| Vydáno: |
V Brně :
CPress,
2023
|
| Vydání: | 1. vydání |
| Témata: | |
| Tagy: |
Žádné tagy |
| LEADER | 03671nam a2200673 i 4500 | ||
|---|---|---|---|
| 001 | 312068 | ||
| 003 | CZ PrSKC | ||
| 005 | 20260601215716.0 | ||
| 007 | ta | ||
| 008 | 230818s2023 xr ac g 000 0ccze | ||
| 015 | |a cnb003544385 | ||
| 020 | |a 9788026448457 |q (vázáno) : |c Kč 249,00 | ||
| 035 | |a (OCoLC)1402155106 | ||
| 040 | |a BOA001 |b cze |d OLA001 |e rda | ||
| 041 | 1 | |a cze |h eng | |
| 043 | |a a-ko--- | ||
| 045 | |a y-y- | ||
| 072 | 7 | |a 78.011.26 |x Populární hudba. Populární písně. Populární taneční hudba |2 Konspekt | |
| 072 | 7 | |a 929 |x Biografie |2 Konspekt | |
| 080 | |a 785.16.071 |2 MRF | ||
| 080 | |a 78.03.011.26.071.2-055.2 |2 MRF | ||
| 080 | |a 78.03.011.26 |2 MRF | ||
| 080 | |a 929 |2 MRF | ||
| 080 | |a (519.5) |2 MRF | ||
| 080 | |a (0:82-94) |2 MRF | ||
| 080 | |a (092) |2 MRF | ||
| 100 | 1 | |a Brown, Helen, |d 1954- |7 mzk20231199118 |4 aut | |
| 240 | 1 | 0 | |a Blackpink. |l Česky |
| 245 | 1 | 0 | |a Blackpink : |b královny k-popu : neautorizovaná fankniha / |c autorka: Helen Brown ; z anglického originálu Blackpink ... přeložila Michaela Tučková |
| 250 | |a 1. vydání | ||
| 264 | 1 | |a V Brně : |b CPress, |c 2023 | |
| 300 | |a 61 stran : |b barevné ilustrace, portréty ; |c 29 cm | ||
| 336 | |a text |b txt |2 rdacontent | ||
| 336 | |a statický obraz |b sti |2 rdacontent | ||
| 337 | |a bez média |b n |2 rdamedia | ||
| 338 | |a svazek |b nc |2 rdacarrier | ||
| 520 | 2 | |a Fanouškovská publikace o dívčí skupině Blackpink, předních představitelkách popkulturního stylu K-pop. |b Kořeny K-popu sahají až do poloviny 20. století, svůj zlatý věk ale zažívá tento žánr především po roce 2000. Manažersky a promotérsky pečlivě poskládané chlapecké i dívčí skupiny úspěšně plní vytyčené cíle a svou produkcí na pomezí popu, hip hopu a elektronické taneční hudby spolehlivě živí zájem svých fanoušků. Těm nejúspěšnějším formacím se daří prorazit i na mezinárodní scéně. Příkladem budiž K-popový girlband Blackpink, jemuž je věnována tato kniha. Vesměs fotografická publikace přibližuje vše důležité, co by měli fandové Jisoo, Jennie, Rosé a Lisy alias BLACKPINK vědět a vidět. Kromě fotografií je kniha napěchovaná citáty a postřehy samotných členek, případně stručnými sloupky doplňujících reálií o celé skupině. | |
| 546 | |a Český text | ||
| 610 | 2 | 7 | |a Blackpink (hudební skupina) |7 xx0276823 |2 czenas |
| 648 | 7 | |a 21. století |7 ch460559 |2 czenas | |
| 650 | 0 | 7 | |a hudební skupiny |7 ph120924 |z Korejská republika |y 21. století |2 czenas |
| 650 | 0 | 7 | |a populární zpěvačky |7 ph803153 |z Korejská republika |y 21. století |2 czenas |
| 650 | 0 | 7 | |a populární hudba |7 ph124352 |z Korejská republika |y 21. století |2 czenas |
| 650 | 0 | 7 | |a K-pop |7 ph1064778 |2 czenas |
| 650 | 0 | 9 | |a musical groups |z Korea (South) |y 21st century |2 eczenas |
| 650 | 0 | 9 | |a popular women singers |z Korea (South) |y 21st century |2 eczenas |
| 650 | 0 | 9 | |a popular music |z Korea (South) |y 21st century |2 eczenas |
| 650 | 0 | 9 | |a K-pop |2 eczenas |
| 655 | 7 | |a portréty |7 fd133099 |2 czenas | |
| 655 | 7 | |a biografie |7 fd131909 |2 czenas | |
| 655 | 9 | |a portraits |2 eczenas | |
| 655 | 9 | |a biography |2 eczenas | |
| 700 | 1 | |a Tučková, Michaela |7 xx0265304 |4 trl | |
| 900 | |a ABA001 |b 20 | ||
| 928 | 9 | |a Albatros Media - CPress | |
| 044 | |a xr | ||
| 910 | |a RBIT002 | ||
| 998 | |d 385486 |a https://core.palmknihy.cz/api/books/385486/cover?si7o7u |b https://core.palmknihy.cz/api/books/385486/cover/400?si7o7u |c https://core.palmknihy.cz/api/books/385486/cover/50?si7o7u |e 2028-02-17 |g 64 |i 9788026448457 |k https://core.palmknihy.cz/api/books/385486/preview.pdf |l |q 49 |r 1 |s https://www.palmknihy.cz/kniha/385486 |t ebook |y 2023 |z 0 | ||
| 999 | |d 312066 | ||